000 00570nam a2200229 a 4500
001 nice12345678
003 IN_TiNIC
005 20260116015117.0
008 050524s2001 bana grp 000 0 eng
020 _a
_c100
082 0 0 _a232.904
_bBSI
245 _aTeaching and Love of Isa Masih
260 _aBangalore
_bBible Society of India
_c2001
300 _a122p
500 _aincludes index and biblioraphy
505 2 _axerox
650 _aJesus Christ-Teachings
710 2 _aBible Society of Jindia
902 _bSRS
942 _cBK
999 _c18364
_d18364